|
|
|
|
| LEADER |
00000nam0a2200000 4500 |
| 001 |
287497 |
| 005 |
20231102000008.0 |
| 020 |
|
|
|a RU
|b 85-65231
|
| 035 |
|
|
|a (RuTPU)RU\TPU\book\311899
|
| 090 |
|
|
|a 287497
|
| 100 |
|
|
|a 20150317d1985 m y0rusy5003 ca
|
| 101 |
0 |
|
|a rus
|
| 102 |
|
|
|a RU
|
| 105 |
|
|
|a a g 001zy
|
| 200 |
1 |
|
|a Определитель ювелирных и поделочных камней
|e справочник
|f Ю. П. Солодова, Э. Д. Андреенко, Б. Г. Гранадчикова
|
| 210 |
|
|
|a Москва
|c Недра
|d 1985
|
| 215 |
|
|
|a 223 с.
|c ил.
|
| 320 |
|
|
|a Библиогр.: с. 218-219 (50 назв.)
|
| 320 |
|
|
|a Указ. ювелир. и поделоч. камней: с. 220-222
|
| 606 |
1 |
|
|a Самоцветы
|x Минералогия
|2 stltpush
|3 (RuTPU)RU\TPU\subj\53778
|9 71943
|
| 610 |
1 |
|
|a минералогия
|
| 610 |
1 |
|
|a поделочные камни
|
| 610 |
1 |
|
|a ювелирные камни
|
| 610 |
1 |
|
|a диагностика
|
| 610 |
1 |
|
|a минералы
|
| 610 |
1 |
|
|a неорганическое происхождение
|
| 610 |
1 |
|
|a самородные элементы
|
| 610 |
1 |
|
|a органическое происхождение
|
| 610 |
1 |
|
|a синтетические камни
|
| 610 |
1 |
|
|a выращивание
|
| 610 |
1 |
|
|a кристаллы
|
| 610 |
1 |
|
|a сульфиды
|
| 610 |
1 |
|
|a галогениды
|
| 610 |
1 |
|
|a оксиды
|
| 610 |
1 |
|
|a силикаты
|
| 610 |
1 |
|
|a бораты
|
| 610 |
1 |
|
|a карбонаты
|
| 610 |
1 |
|
|a сульфаты
|
| 610 |
1 |
|
|a фосфаты
|
| 610 |
1 |
|
|a арсенаты
|
| 610 |
1 |
|
|a справочники
|
| 675 |
|
|
|a 549.091(035)
|v 3
|
| 700 |
|
1 |
|a Солодова
|b Ю. П.
|g Юлия Петровна
|
| 701 |
|
1 |
|a Андреенко
|b Э. Д.
|g Эльвира Дмитриевна
|
| 701 |
|
1 |
|a Гранадчикова
|b Б. Г.
|g Бэлла Георгиевна
|
| 801 |
|
0 |
|a RU
|b RuMRKP
|c 19950704
|g psbo
|
| 801 |
|
1 |
|a RU
|b 63413507
|c 20150317
|
| 801 |
|
2 |
|a RU
|b 63413507
|c 20220802
|g RCR
|
| 942 |
|
|
|c BK
|